1+ Million cities - Statistics

General Stats
  • This quiz has been taken 14 times
  • The average score is 171 of 501
Answers on the Map
Answers color-coded by a green-red scale on the quiz's map according to % correct below.
 
Answer Stats
Answer % Correct
Mexico City Mexico 9,209,944 North America
90%
Guadalajara Mexico 1,385,621 North America
80%
Sanaa Yemen 2,545,000 Asia
80%
Birmingham United Kingdom 1,183,618 Europe
70%
Los Angeles United States 3,878,704 North America
70%
Madrid Spain 3,506,730 Europe
70%
Managua Nicaragua 1,061,054 North America
70%
Moscow Russia 13,274,285 Europe
70%
New York City United States 8,478,072 North America
70%
Paris France 2,048,472 Europe
70%
Tijuana Mexico 1,810,645 North America
70%
Toronto Canada 3,273,119 North America
70%
Ankara Turkey 5,186,002 Asia
60%
Antananarivo Madagascar 1,321,269 Africa
60%
Baghdad Iraq 7,711,305 Asia
60%
Bangalore India 14,254,786 Asia
60%
Bangkok Thailand 8,833,400 Asia
60%
Barcelona Spain 1,731,649 Europe
60%
Buenos Aires Argentina 3,120,612 South America
60%
Cairo Egypt 9,801,536 Africa
60%
Calgary Canada 1,569,133 North America
60%
Casablanca Morocco 3,218,036 Africa
60%
Chicago United States 2,721,308 North America
60%
Ciudad Juárez Mexico 1,501,551 North America
60%
Cologne Germany 1,024,210 Europe
60%
Dakar Senegal 1,278,469 Africa
60%
Dallas United States 1,326,087 North America
60%
Delhi India 20,591,874 Asia
60%
Dhaka Bangladesh 10,278,882 Asia
60%
Edmonton Canada 1,190,458 North America
60%
Hanoi Vietnam 3,605,364 Asia
60%
Havana Cuba 2,137,847 North America
60%
Ho Chi Minh City Vietnam 7,004,921 Asia
60%
Houston United States 2,390,125 North America
60%
Hyderabad India 10,269,000 Asia
60%
Hyderabad Pakistan 1,487,098 Asia
60%
Jakarta Indonesia 10,562,088 Asia
60%
Johannesburg South Africa 4,803,262 Africa
60%
Kinshasa DR Congo 16,316,000 Africa
60%
Kolkata India 6,112,874 Asia
60%
Lima Peru 10,353,700 South America
60%
Lomé Togo 2,188,376 Africa
60%
London United Kingdom 9,089,736 Europe
60%
Lu’an China 1,069,940 Asia
60%
Luanda Angola 8,816,297 Africa
60%
Milan Italy 1,354,196 Europe
60%
Montreal Canada 1,945,359 North America
60%
Munich Germany 1,505,005 Europe
60%
Ottawa Canada 1,153,843 North America
60%
Rio de Janeiro Brazil 6,729,894 South America
60%
Riyadh Saudi Arabia 6,924,566 Asia
60%
Rome Italy 2,748,109 Europe
60%
Saint Petersburg Russia 5,652,922 Europe
60%
Santiago Chile 5,283,656 South America
60%
Santo Domingo Dominican Republic 1,029,110 North America
60%
Tegucigalpa Honduras 1,326,460 North America
60%
Tripoli Libya 1,176,000 Africa
60%
Warsaw Poland 1,861,599 Europe
60%
Xi’an China 9,392,938 Asia
60%
Yaoundé Cameroon 3,762,900 Africa
60%
Yekaterinburg Russia 1,548,187 Asia
60%
Abidjan Côte d'Ivoire 5,616,633 Africa
50%
Abu Dhabi United Arab Emirates 1,750,000 Asia
50%
Abuja Nigeria 3,840,000 Africa
50%
Addis Ababa Ethiopia 3,480,229 Africa
50%
Aleppo Syria 2,203,025 Asia
50%
Alexandria Egypt 5,362,517 Africa
50%
Algiers Algeria 2,902,000 Africa
50%
Antalya Turkey 1,322,766 Asia
50%
Astana Kazakhstan 1,354,507 Asia
50%
Auckland New Zealand 1,628,900 Oceania
50%
Bamako Mali 4,227,569 Africa
50%
Basra Iraq 1,448,127 Asia
50%
Beijing China 18,960,744 Asia
50%
Beirut Lebanon 1,650,000 Asia
50%
Belo Horizonte Brazil 2,315,560 South America
50%
Berlin Germany 3,685,265 Europe
50%
Bogotá Colombia 7,732,161 South America
50%
Brasília Brazil 2,982,818 South America
50%
Brazzaville Republic of the Congo 2,145,783 Africa
50%
Brisbane Australia 1,335,640 Oceania
50%
Bucharest Romania 1,716,961 Europe
50%
Cali Colombia 2,264,427 South America
50%
Cape Town South Africa 4,772,846 Africa
50%
Caracas Venezuela 2,089,012 South America
50%
Chongqing China 9,580,810 Asia
50%
Conakry Guinea 1,767,200 Africa
50%
Damascus Syria 2,584,771 Asia
50%
Dar es Salaam Tanzania 5,383,728 Africa
50%
eThekwini (Durban) South Africa 4,239,901 Africa
50%
Faisalabad Pakistan 3,691,999 Asia
50%
Fès Morocco 1,182,963 Africa
50%
Fortaleza Brazil 2,428,708 South America
50%
Freetown Sierra Leone 1,347,559 Africa
50%
Fuzhou China 3,723,454 Asia
50%
Giza Egypt 4,458,135 Africa
50%
Guangzhou China 16,096,724 Asia
50%
Guatemala City Guatemala 1,221,739 North America
50%
Harbin China 5,242,897 Asia
50%
Istanbul Turkey 15,701,602 Asia/Europe
50%
İzmir Turkey 2,948,160 Asia
50%
Jacksonville United States 1,009,833 North America
50%
Jeddah Saudi Arabia 3,712,917 Asia
50%
Kabul Afghanistan 4,434,600 Asia
50%
Kano Nigeria 4,648,400 Africa
50%
Karachi Pakistan 20,382,881 Asia
50%
Kazan Russia 1,329,825 Europe
50%
Khartoum Sudan 1,974,647 Africa
50%
Kigali Rwanda 1,745,555 Africa
50%
Kuala Lumpur Malaysia 1,982,112 Asia
50%
Lagos Nigeria 15,946,000 Africa
50%
Lahore Pakistan 13,004,135 Asia
50%
Lilongwe Malawi 1,162,544 Africa
50%
Lusaka Zambia 2,212,301 Africa
50%
Manaus Brazil 2,279,686 South America
50%
Manila Philippines 1,902,590 Asia
50%
Maputo Mozambique 1,080,277 Africa
50%
Marrakesh Morocco 1,014,813 Africa
50%
Mecca Saudi Arabia 2,385,509 Asia
50%
Medina Saudi Arabia 1,411,599 Asia
50%
Monrovia Liberia 1,761,032 Africa
50%
Monterrey Mexico 1,142,952 North America
50%
Montevideo Uruguay 1,271,513 South America
50%
Mosul Iraq 1,792,020 Asia
50%
Nizhny Novgorod Russia 1,198,245 Europe
50%
Novosibirsk Russia 1,637,266 Asia
50%
Ouagadougou Burkina Faso 3,204,000 Africa
50%
Panama City Panama 1,235,062 North America
50%
Philadelphia United States 1,573,916 North America
50%
Phoenix United States 1,673,164 North America
50%
Port-au-Prince Haiti 1,234,742 North America
50%
Prague Czech Republic 1,397,880 Europe
50%
Puebla Mexico 1,542,232 North America
50%
Pyongyang North Korea 3,133,000 Asia
50%
Salvador Brazil 2,417,678 South America
50%
San Antonio United States 1,526,656 North America
50%
São Paulo Brazil 11,895,578 South America
50%
Seoul South Korea 9,586,195 Asia
50%
Shanghai China 21,909,814 Asia
50%
Shenzhen China 17,444,609 Asia
50%
Sofia Bulgaria 1,274,290 Europe
50%
Surat India 7,567,538 Asia
50%
Tehran Iran 9,039,000 Asia
50%
Tokyo Japan 14,178,000 Asia
50%
Ufa Russia 1,166,098 Europe
50%
Ürümqi China 3,864,136 Asia
50%
Vienna Austria 2,028,399 Europe
50%
Volgograd Russia 1,012,219 Europe
50%
Wuhan China 10,494,879 Asia
50%
Zhengzhou China 6,461,013 Asia
50%
Accra Ghana 2,291,352 Africa
40%
Adana Turkey 1,779,463 Asia
40%
Ahmedabad India 8,253,226 Asia
40%
Almaty Kazakhstan 2,161,797 Asia
40%
Amman Jordan 1,812,059 Asia
40%
Arequipa Peru 1,195,700 South America
40%
Ashgabat Turkmenistan 1,030,063 Asia
40%
Asmara Eritrea 1,035,000 Africa
40%
Baku Azerbaijan 2,640,400 Asia
40%
Bandung Indonesia 2,527,854 Asia
40%
Barranquilla Colombia 1,275,264 South America
40%
Belém Brazil 1,303,403 South America
40%
Belgrade Serbia 1,682,720 Europe
40%
Bishkek Kyrgyzstan 1,120,827 Asia
40%
Budapest Hungary 1,682,426 Europe
40%
Bursa Turkey 2,051,464 Asia
40%
Busan South Korea 3,349,016 Asia
40%
Campinas Brazil 1,139,047 South America
40%
Changchun China 4,557,356 Asia
40%
Changsha China 5,630,256 Asia
40%
Chengdu China 13,568,357 Asia
40%
Chennai India 9,722,974 Asia
40%
Chittagong Bangladesh 3,227,246 Asia
40%
Córdoba Argentina 1,493,668 South America
40%
Daegu South Korea 2,410,700 Asia
40%
Daejeon South Korea 1,488,435 Asia
40%
Dalian China 4,913,879 Asia
40%
Dammam Saudi Arabia 1,386,166 Asia
40%
Davao City Philippines 1,848,947 Asia
40%
Diyarbakır Turkey 1,087,786 Asia
40%
Doha Qatar 1,186,023 Asia
40%
Douala Cameroon 3,816,500 Africa
40%
Dubai United Arab Emirates 3,570,099 Asia
40%
Dushanbe Tajikistan 1,242,600 Asia
40%
Ecatepec de Morelos Mexico 1,643,623 North America
40%
Fort Worth United States 1,008,106 North America
40%
Fukuoka Japan 1,612,392 Asia
40%
Gaziantep Turkey 1,680,723 Asia
40%
Guayaquil Ecuador 2,665,392 South America
40%
Gwangju South Korea 1,477,573 Asia
40%
Hamburg Germany 1,862,565 Europe
40%
Hangzhou China 9,236,032 Asia
40%
Harare Zimbabwe 1,491,740 Africa
40%
Hargeisa Somalia 1,200,000 Africa
40%
Hiroshima Japan 1,200,754 Asia
40%
Hong Kong China 7,527,500 Asia
40%
Ibadan Nigeria 3,875,000 Africa
40%
Incheon South Korea 2,945,454 Asia
40%
Isfahan Iran 2,178,000 Asia
40%
Islamabad Pakistan 1,108,872 Asia
40%
Kampala Uganda 1,797,722 Africa
40%
Kaohsiung Taiwan 2,765,932 Asia
40%
Kawasaki Japan 1,538,262 Asia
40%
Kirkuk Iraq 1,074,884 Asia
40%
Konya Turkey 1,365,287 Asia
40%
Krasnodar Russia 1,154,885 Asia
40%
Kumasi Ghana 2,907,000 Africa
40%
Kunming China 5,273,144 Asia
40%
Kyiv Ukraine 2,952,301 Europe
40%
Kyōto Japan 1,463,723 Asia
40%
Lanzhou China 3,012,577 Asia
40%
Lubumbashi DR Congo 2,812,000 Africa
40%
Lucknow India 3,790,274 Asia
40%
Mandalay Myanmar 1,162,500 Asia
40%
Maracaibo Venezuela 1,752,602 South America
40%
Mashhad Iran 3,619,000 Asia
40%
Mbuji-Mayi DR Congo 2,892,000 Africa
40%
Medan Indonesia 2,435,252 Asia
40%
Medellín Colombia 2,519,592 South America
40%
Minsk Belarus 1,995,471 Europe
40%
Mogadishu Somalia 2,330,700 Africa
40%
Mombasa Kenya 1,311,860 Africa
40%
Mumbai India 13,127,825 Asia
40%
Nairobi Kenya 4,750,100 Africa
40%
Nanjing China 7,519,814 Asia
40%
Naypyidaw Myanmar 1,129,322 Asia
40%
N'Djamena Chad 1,521,900 Africa
40%
New Taipei City Taiwan 4,030,954 Asia
40%
Niamey Niger 1,437,000 Africa
40%
Nouakchott Mauritania 1,558,100 Africa
40%
Omdurman Sudan 2,395,159 Africa
40%
Omsk Russia 1,101,367 Asia
40%
Osaka Japan 2,752,412 Asia
40%
Perm Russia 1,027,518 Europe
40%
Phnom Penh Cambodia 2,281,951 Asia
40%
Port Harcourt Nigeria 3,480,000 Africa
40%
Pune India 3,891,823 Asia
40%
Qom Iran 1,201,158 Asia
40%
Quezon City Philippines 3,084,270 Asia
40%
Quito Ecuador 1,776,364 South America
40%
Rajkot India 1,286,995 Asia
40%
Rawalpindi Pakistan 2,284,014 Asia
40%
Rostov-on-Don Russia 1,143,123 Europe
40%
Samara Russia 1,154,223 Europe
40%
San Diego United States 1,404,452 North America
40%
Santa Cruz de la Sierra Bolivia 1,903,398 South America
40%
São Luís Brazil 1,037,775 South America
40%
Sapporo Japan 1,973,395 Asia
40%
Sendai Japan 1,096,704 Asia
40%
Sharjah United Arab Emirates 1,610,000 Asia
40%
Shenyang China 7,026,358 Asia
40%
Shijiazhuang China 5,090,440 Asia
40%
Shiraz Iran 1,565,572 Asia
40%
Singapore Singapore 6,142,180 Asia
40%
Surabaya Indonesia 2,972,801 Asia
40%
Suzhou China 5,892,892 Asia
40%
Tabriz Iran 1,558,693 Asia
40%
Taichung Taiwan 2,820,787 Asia
40%
Taipei Taiwan 2,602,418 Asia
40%
Tangier Morocco 1,275,428 Africa
40%
Tashkent Uzbekistan 3,112,748 Asia
40%
Tbilisi Georgia 1,282,574 Asia
40%
Tianjin China 11,052,404 Asia
40%
Trujillo Peru 1,063,700 South America
40%
Ulaanbaatar Mongolia 1,539,252 Asia
40%
Vientiane Laos 1,009,300 Asia
40%
Voronezh Russia 1,041,722 Europe
40%
Wenzhou China 2,582,017 Asia
40%
Xiamen China 4,617,251 Asia
40%
Xuzhou China 2,845,552 Asia
40%
Yangon Myanmar 4,584,622 Asia
40%
Yerevan Armenia 1,127,000 Asia
40%
Yokohama Japan 3,777,491 Asia
40%
Ahvaz Iran 1,184,788 Asia
30%
Anyang China 1,187,772 Asia
30%
Bhopal India 2,707,000 Asia
30%
Cartagena Colombia 1,028,736 South America
30%
Changwon South Korea 1,029,389 Asia
30%
Changzhou China 3,187,315 Asia
30%
Chelyabinsk Russia 1,176,770 Asia
30%
Coimbatore India 1,061,447 Asia
30%
Curitiba Brazil 1,773,718 South America
30%
Daqing China 1,604,027 Asia
30%
Datong China 1,809,505 Asia
30%
Dongguan China 9,644,871 Asia
30%
Foshan China 9,042,509 Asia
30%
Goiânia Brazil 1,437,366 South America
30%
Gujranwala Pakistan 2,511,118 Asia
30%
Haikou China 2,349,239 Asia
30%
Hefei China 5,055,978 Asia
30%
Indore India 2,463,588 Asia
30%
Jerusalem Israel 1,028,366 Asia
30%
Jilin China 1,509,292 Asia
30%
Jinan China 5,452,335 Asia
30%
Jodhpur India 1,033,918 Asia
30%
Kaduna Nigeria 1,158,000 Africa
30%
Kananga DR Congo 1,664,000 Africa
30%
Kharkiv Ukraine 1,421,125 Europe
30%
Khartoum Bahri Sudan 1,968,601 Africa
30%
Kisangani DR Congo 1,423,000 Africa
30%
Kōbe Japan 1,525,152 Asia
30%
Krasnoyarsk Russia 1,211,756 Asia
30%
León Mexico 1,579,803 North America
30%
Luoyang China 2,230,661 Asia
30%
Makassar Indonesia 1,423,877 Asia
30%
Mersin Turkey 1,040,507 Asia
30%
Nagoya Japan 2,332,176 Asia
30%
Nagpur India 3,622,000 Asia
30%
Nanning China 4,582,703 Asia
30%
Nantong China 2,987,600 Asia
30%
Ningbo China 3,731,203 Asia
30%
Odesa Ukraine 1,010,537 Europe
30%
Patna India 2,534,000 Asia
30%
Peshawar Pakistan 1,837,741 Asia
30%
Pointe-Noire Republic of the Congo 1,420,612 Africa
30%
Porto Alegre Brazil 1,404,269 South America
30%
Putian China 1,539,389 Asia
30%
Qingdao China 6,165,279 Asia
30%
Recife Brazil 1,494,586 South America
30%
Rosario Argentina 1,348,725 South America
30%
Shymkent Kazakhstan 1,184,113 Asia
30%
Suwon South Korea 1,210,150 Asia
30%
Tainan Taiwan 1,874,917 Asia
30%
Taiyuan China 4,303,673 Asia
30%
Taoyuan Taiwan 2,268,807 Asia
30%
Thiruvananthapuram India 1,116,000 Asia
30%
Ulsan South Korea 1,135,423 Asia
30%
Varanasi India 1,804,000 Asia
30%
Visakhapatnam India 2,358,412 Asia
30%
Weihai China 1,339,645 Asia
30%
Wuxi China 3,956,985 Asia
30%
Yongin South Korea 1,066,975 Asia
30%
Zapopan Mexico 1,257,547 North America
30%
Zibo China 2,750,312 Asia
30%
Agra India 2,386,000 Asia
20%
Amritsar India 1,704,000 Asia
20%
Anshan China 1,480,332 Asia
20%
Aurangabad India 1,171,330 Asia
20%
Baoding China 1,940,384 Asia
20%
Baotou China 2,104,114 Asia
20%
Batam Indonesia 1,196,396 Asia
20%
Bekasi Indonesia 2,468,448 Asia
20%
Bengbu China 1,077,704 Asia
20%
Benin City Nigeria 1,953,000 Africa
20%
Bobo-Dioulasso Burkina Faso 1,129,000 Africa
20%
Bukavu DR Congo 1,249,000 Africa
20%
Caloocan Philippines 1,712,945 Asia
20%
Cixi China 1,457,510 Asia
20%
Depok Indonesia 1,893,321 Asia
20%
Dhanbad India 1,161,561 Asia
20%
Faridabad India 1,957,869 Asia
20%
Fuyang China 1,191,810 Asia
20%
Gazipur Bangladesh 2,674,697 Asia
20%
Goyang South Korea 1,045,497 Asia
20%
Guarulhos Brazil 1,291,771 South America
20%
Guilin China 1,361,244 Asia
20%
Guiyang China 4,021,275 Asia
20%
Handan China 2,095,134 Asia
20%
Hengyang China 1,185,130 Asia
20%
Heze China 1,293,767 Asia
20%
Howrah India 1,072,161 Asia
20%
Huainan China 1,255,619 Asia
20%
Hubli-Dharwad India 1,418,000 Asia
20%
Jabalpur India 1,054,336 Asia
20%
Jaipur India 4,067,826 Asia
20%
Jining China 1,700,054 Asia
20%
Kanpur India 3,203,932 Asia
20%
Karaj Iran 1,592,492 Asia
20%
Kota India 1,650,281 Asia
20%
Ludhiana India 1,779,796 Asia
20%
Luzhou China 1,128,479 Asia
20%
Madurai India 1,016,885 Asia
20%
Maoming China 1,307,802 Asia
20%
Matola Mozambique 1,032,197 Africa
20%
Meerut India 1,309,023 Asia
20%
Mianyang China 1,549,499 Asia
20%
Multan Pakistan 2,169,915 Asia
20%
Mysore India 1,204,759 Asia
20%
Nanchang China 3,518,975 Asia
20%
Navi Mumbai India 1,685,000 Asia
20%
Nezahualcóyotl Mexico 1,072,676 North America
20%
Onitsha Nigeria 1,285,000 Africa
20%
Palembang Indonesia 1,668,848 Asia
20%
Pimpri-Chinchwad India 1,729,359 Asia
20%
Prayagraj India 1,117,094 Asia
20%
Qiqihar China 1,029,522 Asia
20%
Quanzhou China 1,469,157 Asia
20%
Quetta Pakistan 1,401,362 Asia
20%
Saitama Japan 1,324,025 Asia
20%
Salem India 1,248,000 Asia
20%
Semarang Indonesia 1,688,133 Asia
20%
Shantou China 3,890,169 Asia
20%
South Tangerang Indonesia 1,354,350 Asia
20%
Srinagar India 1,192,792 Asia
20%
Suqian China 1,081,559 Asia
20%
Tai’an China 1,416,591 Asia
20%
Tangerang Indonesia 1,895,486 Asia
20%
Tangshan China 2,549,968 Asia
20%
Tiruchirappalli India 1,276,000 Asia
20%
Touba Senegal 1,120,824 Africa
20%
Vadodara India 1,666,703 Asia
20%
Weifang China 2,044,028 Asia
20%
Wuhu China 1,598,165 Asia
20%
Xinyang China 1,014,843 Asia
20%
Yancheng China 1,353,475 Asia
20%
Yantai China 2,311,885 Asia
20%
Yinchuan China 1,662,948 Asia
20%
Aligarh India 1,316,000 Asia
10%
Bandar Lampung Indonesia 1,166,066 Asia
10%
Baoji China 1,107,702 Asia
10%
Bhubaneswar India 1,266,000 Asia
10%
Bogor Indonesia 1,043,070 Asia
10%
Callao Peru 1,226,200 South America
10%
Chandigarh India 1,379,895 Asia
10%
Changshu China 1,230,599 Asia
10%
Chaozhou China 1,254,007 Asia
10%
Chifeng China 1,093,068 Asia
10%
Dazhou China 1,135,817 Asia
10%
Ekurhuleni South Africa 4,066,691 Africa
10%
Fushun China 1,228,890 Asia
10%
Ghaziabad India 1,910,118 Asia
10%
Guwahati India 1,439,000 Asia
10%
Gwalior India 1,053,505 Asia
10%
Hohhot China 2,373,399 Asia
10%
Huai'an China 1,804,611 Asia
10%
Huizhou China 2,900,113 Asia
10%
Jalandhar India 1,296,000 Asia
10%
Jiaxing China 1,188,321 Asia
10%
Jinzhou China 1,021,478 Asia
10%
Kaifeng China 1,193,802 Asia
10%
Kunshan China 1,652,159 Asia
10%
Linyi China 2,743,843 Asia
10%
Liuzhou China 2,204,841 Asia
10%
Moradabad India 1,334,000 Asia
10%
Mwanza Tanzania 1,104,521 Africa
10%
Nanchong China 1,254,455 Asia
10%
Nanyang China 1,407,616 Asia
10%
Nashik India 1,486,973 Asia
10%
Pingdingshan China 1,045,966 Asia
10%
Qinhuangdao China 1,520,199 Asia
10%
Raipur India 1,010,087 Asia
10%
Ranchi India 1,073,440 Asia
10%
Rizhao China 1,147,175 Asia
10%
Santo Domingo Este Dominican Republic 1,029,117 North America
10%
Shangqiu China 1,031,123 Asia
10%
Shangrao China 1,342,220 Asia
10%
Shaoxing China 2,333,080 Asia
10%
Shubra El Kheima Egypt 1,275,700 Africa
10%
Solapur India 1,432,000 Asia
10%
Taguig Philippines 1,308,085 Asia
10%
Taizhou China 1,348,327 Asia
10%
Thane India 1,841,448 Asia
10%
Tshikapa DR Congo 1,020,468 Africa
10%
Vasai-Virar India 1,221,233 Asia
10%
Vijayawada India 1,048,240 Asia
10%
Wanzhou China 1,078,149 Asia
10%
Xianyang China 1,192,776 Asia
10%
Xining China 1,677,177 Asia
10%
Xinxiang China 1,271,350 Asia
10%
Yangzhou China 2,067,254 Asia
10%
Yiwu China 1,481,384 Asia
10%
Zamboanga City Philippines 1,018,849 Asia
10%
Zaozhuang China 1,349,883 Asia
10%
Zhangjiakou China 1,339,384 Asia
10%
Zhongshan China 3,841,873 Asia
10%
Zhuhai China 2,207,090 Asia
10%
Zunyi China 1,675,245 Asia
10%
Bareilly India 1,359,000 Asia
0%
Bhiwandi India 1,067,000 Asia
0%
Changde China 1,100,719 Asia
0%
Changzhi China 1,047,461 Asia
0%
Ganzhou China 1,778,132 Asia
0%
Gorakhpur India 1,012,000 Asia
0%
Gurgaon India 1,320,000 Asia
0%
Huzhou China 1,083,953 Asia
0%
Iribarren (Barquisimeto) Venezuela 1,159,062 South America
0%
Jiangmen China 1,795,459 Asia
0%
Jiangyin China 1,331,352 Asia
0%
Jieyang China 1,242,906 Asia
0%
Jinhua China 1,040,948 Asia
0%
Jinjiang China 1,416,151 Asia
0%
Kalyan-Dombivli India 1,246,381 Asia
0%
Lianyungang China 1,071,019 Asia
0%
Liaocheng China 1,020,430 Asia
0%
Mira-Bhayandar India 1,217,000 Asia
0%
Nelson Mandela Bay (Gqeberha) South Africa 1,190,496 Africa
0%
Qingyuan China 1,197,581 Asia
0%
Rui’an China 1,012,731 Asia
0%
Saharanpur India 1,061,000 Asia
0%
Tshwane (Pretoria) South Africa 4,040,315 Africa
0%
Xiangyang China 1,686,403 Asia
0%
Xingtai China 1,480,754 Asia
0%
Yibin China 1,100,737 Asia
0%
Yichang China 1,284,305 Asia
0%
Yueyang China 1,125,448 Asia
0%
Yuyao China 1,013,866 Asia
0%
Zhangjiagang China 1,055,893 Asia
0%
Zhanjiang China 1,400,709 Asia
0%
Zhaoqing China 1,035,810 Asia
0%
Zhenjiang China 1,123,813 Asia
0%
Zhuzhou China 1,510,148 Asia
0%
No matching quizzes found
Score Distribution
Percent of People with Each Score
Percentile by Number Answered
Your Score History
You have not taken this quiz